00333 2200133 4500001002100000005001500021035002000036245005900056260004000115082000800155084001200163990001200175990001200187INLIS00000000000257920250605122354 a0010-0625000165 aSurat Menyurat Resmi Bahasa Indonesia /cDrs. Soedjito aBandung :bRemaja Rosdakarya,c2004 a400 a400 SUR a0420978 a0420979